00675 2200229 4500001002100000005001700021008004100038035002400079043001300103082001600116090002600132090002200158245008000180250001100260260004500271300003200316650002200348700001200370990002100382999002100403999002100424YOGYA-0411000000124320110414132224.0 ind  0010-041100000001243 aYOPDBPAD a746.6620598 a746.6620598bSenlDEP a746.662bSenlDEP aSENI lukis batik Indonesiabbatik klasik sampai kontemporerceditor Sudarso aCet. 1 aYogyakartabTaman Budaya Prop. DIYc1998 aiii 134 hlm.bilus.c25 cm. aBatik - Indonesia aSudarso a1998-221 CB-D.11 a1998-373 CB-D.11 a1998-220 CB-D.11